000 00360nam a22001097a 4500
082 _a891.432/CHA/D
100 _aचतुवेैदी,सुधाधु
_983417
245 _aशकुन्‍तला नाटक
260 _aनई दिल्‍ली
_bकौटिल्‍य प्रकाशन
_c2024
650 _aनाटक
942 _cIB
999 _c68320
_d68320